000 00490nam a2200181Ia 4500
003 GCL
008 140319s9999 xx 000 0 eng d
040 _aGCL /
_cGCL
082 0 4 _aCC
_b069.0962
_bM A
245 1 0 _aABDINE PALACE MUSEUMS
260 _aالقاهرة :
_bMINISTRY OF CULTURE, EGYPT ،
_c1998
300 _a20 CM
650 0 4 _aEGYPTIAN MUSEUSM
650 0 4 _aCAIRO - EGYPT, BUILDINGS STRUCTURE
650 0 4 _aEGYPT - ANTIQUITIES
650 0 4 _aABDINE PALACE
942 _2ddc
_cBK
999 _c7426
_d7426